000 nam a22 7a 4500
999 _c29038
_d29038
008 170926b xxu||||| |||| 00| 0 eng d
020 _a9966466452
050 _aLB 2846.I5 1996
100 _aIngule, Frank.
245 _aEssentials of Educational Statistics/
_cFrank Ingule and Haniel Gatumu
260 _aNairobi:
_bEast African Educational Publishers ,
_c1996.
300 _avi,166p. :
_bill. ;
500 _aincludes index
942 _2lcc
_cAFRICANA
_hLB 2846.I5 1996